A ras del suelo

Salvato in:
Dettagli Bibliografici
Autore principale: González, Luisa
Natura: Libro
Lingua:Undetermined
Pubblicazione: San José, Costa Rica Editorial Costa Rica 1977
Edizione:5
Soggetti:
Tags: Aggiungi Tag
Nessun Tag, puoi essere il primo ad aggiungerne!!

MARC

LEADER 00000nam a2200000Ia 4500
008 170316s9999 xx 000 0 und d
040 |a cru BVZT 
090 |a 868 G-13a 
100 |a González, Luisa 
245 2 |a A ras del suelo 
250 |a 5 
260 |a San José, Costa Rica 
260 |b Editorial Costa Rica 
260 |c 1977 
300 |a 139 páginas 
650 |a LITERATURA COSTARRICENSE 
650 |a NOVELA 
999 |c 11069  |d 11069 
942 |c 15 D  |h 868 G-13a  |2 z